Movimientos obreros, sindicales y luchas sociales en general en el país

Enregistré dans:
Détails bibliographiques
Collectivité auteur: UNA. Instituto de Estudios del Trabajo
Format: Texte
Publié: Heredia: UNA. IESTRA
Tags: Ajouter un tag
Pas de tags, Soyez le premier à ajouter un tag!

MARC

LEADER 00000 a a2200000 04500
001 15284
003
040
090 |a 021200  
110 |a UNA. Instituto de Estudios del Trabajo  
245 |a Movimientos obreros, sindicales y luchas sociales en general en el país  
260 |a Heredia:   |b UNA. IESTRA  
300 |a 49 p.  
999 |c 9093  |d 9093